[Event "Titled Tuesday intern op 27th Feb Late"]
[Site "Chess.com INT"]
[Date "2024.02.27"]
[Round "9"]
[White "Ferreira, Vitor Hugo Vieira"]
[Black "Ivanov, Mikhail M"]
[Result "1-0"]
[WhiteElo "2128"]
[BlackElo "2275"]
[PlyCount "33"]
[EventDate "2024.02.27"]
[EventType "swiss (blitz)"]
[EventRounds "11"]
[EventCountry "USA"]
[SourceTitle "CB10_2024"]
[SourceDate "2024.03.06"]
[SourceVersion "1"]
[SourceVersionDate "2024.03.06"]
[SourceQuality "1"]

1. d4 Nf6 2. c4 g6 3. Nc3 Bg7 4. e4 d6 5. Nf3 0-0 6. Be2 c5 7. 0-0 cxd4 8. Nxd4 Nc6 9. Be3 Bd7 10. h3 Nxd4 11. Bxd4 Bc6 12. Qc2 a5 13. Rad1 Nd7 14. Bxg7 Kxg7 15. Nd5 Qb6 16. Nxb6 Nxb6 17. c5 1-0

[Event "Titled Tuesday intern op 27th Feb Late"]
[Site "Chess.com INT"]
[Date "2024.02.27"]
[Round "4"]
[White "Ferreira, Vitor Hugo Vieira"]
[Black "Rohwer, Paul"]
[Result "1-0"]
[WhiteElo "2128"]
[BlackElo "2225"]
[PlyCount "69"]
[EventDate "2024.02.27"]
[EventType "swiss (blitz)"]
[EventRounds "11"]
[EventCountry "USA"]
[SourceTitle "CB10_2024"]
[SourceDate "2024.03.06"]
[SourceVersion "1"]
[SourceVersionDate "2024.03.06"]
[SourceQuality "1"]

1. d4 Nf6 2. c4 g6 3. Nc3 d5 4. Nf3 Bg7 5. Qb3 dxc4 6. Qxc4 0-0 7. e4 b6 8. Qb3 Bb7 9. e5 Nd5 10. Bc4 Nxc3 11. Qxc3 Nc6 12. 0-0 Na5 13. Be2 Rc8 14. Be3 Bd5 15. b4 Nb7 16. a3 a5 17. Ne1 c6 18. Nd3 Qc7 19. Nf4 Nd8 20. Rfc1 Ne6 21. Nxd5 cxd5 22. Qd2 Qa7 23. Bg4 Rc7 24. Rxc7 Qxc7 25. Rc1 Qa7 26. b5 Qd7 27. Rc6 h5 28. Bh3 Rb8 29. g3 Kh7 30. Qc1 Rb7 31. a4 Bf8 32. Rc8 Bg7 33. Qc6 Rc7 34. Rxc7 Qxc7 35. Bxe6 1-0

[Event "Titled Tuesday intern op 27th Feb Late"]
[Site "Chess.com INT"]
[Date "2024.02.27"]
[Round "3"]
[White "Ferreira, Vitor Hugo Vieira"]
[Black "Rustemov, Alexander"]
[Result "0-1"]
[WhiteElo "2128"]
[BlackElo "2525"]
[PlyCount "96"]
[EventDate "2024.02.27"]
[EventType "swiss (blitz)"]
[EventRounds "11"]
[EventCountry "USA"]
[SourceTitle "CB10_2024"]
[SourceDate "2024.03.06"]
[SourceVersion "1"]
[SourceVersionDate "2024.03.06"]
[SourceQuality "1"]

1. d4 d5 2. c4 c6 3. Nf3 Nf6 4. Nc3 a6 5. e3 b5 6. b3 Bg4 7. h3 Bh5 8. g4 Bg6 9. Ne5 dxc4 10. bxc4 Nfd7 11. Nxg6 hxg6 12. Bg2 e6 13. 0-0 Bb4 14. Qb3 Bxc3 15. Qxc3 0-0 16. Bb2 Nb6 17. d5 Qf6 18. Qxf6 gxf6 19. dxc6 bxc4 20. c7 N8d7 21. Bxa8 Rxa8 22. Bd4 Rc8 23. Rab1 Nd5 24. Rb7 e5 25. Ba7 c3 26. Bb8 Nc5 27. Ra7 Nd3 28. Rxa6 c2 29. Rd6 Nxc7 30. Rxd3 Ne6 31. Rc1 Rxb8 32. Rxc2 Rb1+ 33. Kg2 e4 34. Rb3 Ra1 35. h4 Kg7 36. Rb7 f5 37. gxf5 gxf5 38. Rb5 Kg6 39. f3 f6 40. fxe4 fxe4 41. h5+ Kh6 42. Rf5 Ng5 43. Rxf6+ Kxh5 44. Rf5 Kg4 45. Re5 Rb1 46. Rcc5 Rb2+ 47. Kf1 Nf3 48. Rxe4+ Kg3 0-1

[Event "Titled Tuesday intern op 27th Feb Late"]
[Site "Chess.com INT"]
[Date "2024.02.27"]
[Round "10"]
[White "Gonzalez Zharikov, Andrey"]
[Black "Ferreira, Vitor Hugo Vieira"]
[Result "0-1"]
[WhiteElo "1985"]
[BlackElo "2128"]
[PlyCount "82"]
[EventDate "2024.02.27"]
[EventType "swiss (blitz)"]
[EventRounds "11"]
[EventCountry "USA"]
[SourceTitle "CB10_2024"]
[SourceDate "2024.03.06"]
[SourceVersion "1"]
[SourceVersionDate "2024.03.06"]
[SourceQuality "1"]

1. e4 c5 2. Ne2 d6 3. Nbc3 Nf6 4. g3 g6 5. Bg2 Bg7 6. 0-0 0-0 7. d3 Nc6 8. f4 Rb8 9. h3 Nd7 10. g4 Nd4 11. Nd5 e6 12. Ne3 f5 13. gxf5 exf5 14. c3 Nxe2+ 15. Qxe2 fxe4 16. dxe4 Nf6 17. Qc4+ Kh8 18. a4 Qe7 19. Nd5 Nxd5 20. Qxd5 Be6 21. Qd3 Rbe8 22. Be3 d5 23. Rae1 d4 24. cxd4 cxd4 25. Bd2 Qc5 26. Rc1 Qb6 27. f5 Bg8 28. b4 Qd6 29. Kh1 gxf5 30. exf5 Bd5 31. Rc5 Bxg2+ 32. Kxg2 b6 33. Rcc1 Qd5+ 34. Qf3 Rxf5 35. Qxd5 Rxd5 36. Rc7 Re2+ 37. Kf3 Rxd2 38. Rc8+ Bf8 39. Rxf8+ Kg7 40. Ra8 Rf5+ 41. Kg4 Rxf1 0-1

[Event "Titled Tuesday intern op 27th Feb Late"]
[Site "Chess.com INT"]
[Date "2024.02.27"]
[Round "2"]
[White "Jelcic, Marko"]
[Black "Ferreira, Vitor Hugo Vieira"]
[Result "0-1"]
[WhiteElo "2209"]
[BlackElo "2128"]
[PlyCount "86"]
[EventDate "2024.02.27"]
[EventType "swiss (blitz)"]
[EventRounds "11"]
[EventCountry "USA"]
[SourceTitle "CB10_2024"]
[SourceDate "2024.03.06"]
[SourceVersion "1"]
[SourceVersionDate "2024.03.06"]
[SourceQuality "1"]

1. e4 c5 2. c3 Nf6 3. e5 Nd5 4. Nf3 d6 5. exd6 exd6 6. d4 cxd4 7. cxd4 Be7 8. Nc3 Nxc3 9. bxc3 0-0 10. Bd3 Nc6 11. 0-0 Bg4 12. Bc2 Rc8 13. Qd3 g6 14. h3 Bf5 15. Qe2 Bxc2 16. Qxc2 Bf6 17. Qd3 Qa5 18. Bd2 d5 19. Rab1 Qc7 20. Rfe1 Rfe8 21. Bg5 Bg7 22. Qd2 Na5 23. Bf4 Qd7 24. Qb2 b6 25. Qb5 Rxe1+ 26. Nxe1 Qxb5 27. Rxb5 Rxc3 28. Rxd5 Rc8 29. Rd7 Nc6 30. d5 Nd4 31. Rxa7 Ne2+ 32. Kf1 Nxf4 33. d6 Rd8 34. d7 Ne6 35. Nd3 Nc5 36. Nxc5 bxc5 37. Rc7 Bd4 38. Rc8 Bf6 39. Ke2 Kf8 40. a4 Ke7 41. Rxc5 Rxd7 42. a5 Ra7 43. Rb5 Bc3 0-1

[Event "Titled Tuesday intern op 13th Feb Late"]
[Site "Chess.com INT"]
[Date "2024.02.13"]
[Round "2"]
[White "Ferreira, Vitor Hugo Vieira"]
[Black "Cuevas Araya, Walter"]
[Result "1-0"]
[WhiteElo "2128"]
[BlackElo "2066"]
[PlyCount "51"]
[EventDate "2024.02.13"]
[EventType "swiss (blitz)"]
[EventRounds "11"]
[EventCountry "USA"]
[SourceTitle "CB08_2024"]
[SourceDate "2024.02.21"]
[SourceVersion "1"]
[SourceVersionDate "2024.02.21"]
[SourceQuality "1"]

1. d4 e5 2. dxe5 Nc6 3. Nf3 Qe7 4. Nc3 Nxe5 5. Nd5 Nxf3+ 6. gxf3 Qd8 7. e4 c6 8. Nc3 Be7 9. Bf4 d6 10. Qd2 Nf6 11. 0-0-0 Be6 12. Qe1 Qa5 13. Bxd6 Bxd6 14. Rxd6 Bxa2 15. e5 Nd5 16. e6 0-0 17. Bh3 Nxc3 18. Qxc3 Bxe6 19. Qxa5 Bxh3 20. Rhd1 b6 21. Qh5 Be6 22. Qh4 g6 23. Rd8 c5 24. Rxa8 Rxa8 25. Rd8+ Rxd8 26. Qxd8+ 1-0

[Event "Titled Tuesday intern op 13th Feb Late"]
[Site "Chess.com INT"]
[Date "2024.02.13"]
[Round "5"]
[White "Ferreira, Vitor Hugo Vieira"]
[Black "Pinero Rodriguez, Carlos Jose"]
[Result "0-1"]
[WhiteElo "2128"]
[BlackElo "2242"]
[PlyCount "138"]
[EventDate "2024.02.13"]
[EventType "swiss (blitz)"]
[EventRounds "11"]
[EventCountry "USA"]
[SourceTitle "CB08_2024"]
[SourceDate "2024.02.21"]
[SourceVersion "1"]
[SourceVersionDate "2024.02.21"]
[SourceQuality "1"]

1. d4 Nf6 2. c4 e6 3. Nf3 Bb4+ 4. Bd2 Qe7 5. a3 Bxd2+ 6. Qxd2 0-0 7. Nc3 d6 8. e4 e5 9. d5 a5 10. b3 Nbd7 11. Bd3 Nc5 12. Bc2 Bg4 13. Ng1 Nh5 14. f3 Bd7 15. Nge2 f5 16. exf5 Bxf5 17. Bxf5 Rxf5 18. Ng3 Nxg3 19. hxg3 Nxb3 20. Qc2 Nd4 21. Qe4 h6 22. 0-0 Raf8 23. Rae1 Qg5 24. g4 Rf4 25. Qd3 b6 26. Ne4 Qe7 27. Re3 R4f7 28. Nf2 Qd7 29. g5 hxg5 30. Qg6 Qf5 31. Qh5 g6 32. Qg4 Rh7 33. Qg3 Qf4 34. Qxf4 gxf4 35. Re4 Nf5 36. Rb1 Ng3 37. Ree1 Re7 38. Ne4 Nxe4 39. Rxe4 Kg7 40. Rbe1 Kf6 41. Kf2 Rh8 42. Kg1 g5 43. Rd1 Reh7 44. Kf2 Rh1 45. Ree1 Rxe1 46. Rxe1 Kf5 47. Rd1 g4 48. fxg4+ Kxg4 49. c5 bxc5 50. Rb1 Kf5 51. Rb7 Ke4 52. Rxc7 Rb8 53. Ra7 Rb2+ 54. Kg1 Kxd5 55. Rxa5 Kd4 56. Ra6 d5 57. Ra8 c4 58. a4 Ra2 59. a5 c3 60. Kh2 c2 61. Rc8 Kd3 62. Rc5 d4 63. Kh3 e4 64. g4 fxg3 65. Kxg3 e3 66. Kf3 Kd2 67. Ke4 d3 68. Rh5 c1Q 69. Rh2+ e2 0-1

[Event "Titled Tuesday intern op 13th Feb Late"]
[Site "Chess.com INT"]
[Date "2024.02.13"]
[Round "7"]
[White "Melikyan, Gnel"]
[Black "Ferreira, Vitor Hugo Vieira"]
[Result "1-0"]
[WhiteElo "2238"]
[BlackElo "2128"]
[PlyCount "87"]
[EventDate "2024.02.13"]
[EventType "swiss (blitz)"]
[EventRounds "11"]
[EventCountry "USA"]
[SourceTitle "CB08_2024"]
[SourceDate "2024.02.21"]
[SourceVersion "1"]
[SourceVersionDate "2024.02.21"]
[SourceQuality "1"]

1. a3 d5 2. c4 dxc4 3. Qa4+ Nc6 4. Qxc4 g6 5. e3 e5 6. Nf3 Bg7 7. Nc3 Nge7 8. b4 a6 9. Bb2 Be6 10. Qe2 h6 11. g3 0-0 12. Bg2 Re8 13. 0-0 Nf5 14. Rfd1 Nfd4 15. exd4 exd4 16. Qf1 dxc3 17. dxc3 Qc8 18. Rd2 Ne5 19. Nxe5 Bxe5 20. Re1 Bg7 21. Red1 c6 22. Qd3 Bb3 23. Rc1 Qe6 24. c4 Rad8 25. Qxd8 Rxd8 26. Rxd8+ Kh7 27. Bxg7 Kxg7 28. c5 Qf6 29. Rd7 Qb2 30. Re1 Qxa3 31. Rxb7 a5 32. b5 Qb4 33. Rc1 Qd2 34. Rb1 Qc2 35. Rxb3 Qxb3 36. bxc6 Qd1+ 37. Bf1 Qc1 38. Rb5 a4 39. c7 a3 40. c8Q a2 41. Ra5 a1Q 42. Rxa1 Qxa1 43. Qd8 Qd4 44. Qd6 1-0

[Event "Florianopolis op 10th"]
[Site "Florianopolis"]
[Date "2024.01.23"]
[Round "5"]
[White "Ferreira, Vitor Hugo Vieira"]
[Black "Gazola, Vanessa Ramos"]
[Result "1-0"]
[WhiteElo "2128"]
[BlackElo "1921"]
[PlyCount "77"]
[EventDate "2024.01.20"]
[EventType "swiss"]
[EventRounds "10"]
[EventCountry "BRA"]
[SourceTitle "CB05_2024"]
[SourceDate "2024.01.31"]
[SourceVersion "1"]
[SourceVersionDate "2024.01.31"]
[SourceQuality "1"]

1. d4 d5 2. c4 e6 3. Nf3 Nf6 4. Nc3 Be7 5. Bf4 0-0 6. e3 Nbd7 7. c5 c6 8. b4 Nh5 9. Bd3 Nxf4 10. exf4 b6 11. 0-0 bxc5 12. bxc5 Qa5 13. Qc2 g6 14. Nd2 Ba6 15. Rfe1 Bf6 16. Nb3 Bxd3 17. Qxd3 Qc7 18. g3 Rfb8 19. Nd2 Qa5 20. Rac1 Qa3 21. Qe3 Qa6 22. Rb1 Rxb1 23. Rxb1 Rb8 24. Rxb8+ Nxb8 25. Nf3 Nd7 26. g4 Qc4 27. Ne2 Qxa2 28. Kg2 Qc2 29. Ng3 Nf8 30. Qa3 Qc4 31. Qxa7 Bxd4 32. Ng5 Qxc5 33. Qxf7+ Kh8 34. Qe8 Kg7 35. f5 exf5 36. gxf5 Qd6 37. Qf7+ Kh6 38. h4 Qf6 39. Qg8 1-0

[Event "Florianopolis op 10th"]
[Site "Florianopolis"]
[Date "2024.01.21"]
[Round "2"]
[White "Cezar, Ricardo de Almeida"]
[Black "Ferreira, Vitor Hugo Vieira"]
[Result "1-0"]
[WhiteElo "1809"]
[BlackElo "2128"]
[PlyCount "67"]
[EventDate "2024.01.20"]
[EventType "swiss"]
[EventRounds "10"]
[EventCountry "BRA"]
[SourceTitle "CB05_2024"]
[SourceDate "2024.01.31"]
[SourceVersion "1"]
[SourceVersionDate "2024.01.31"]
[SourceQuality "1"]

1. d4 d5 2. c4 c6 3. cxd5 cxd5 4. Nc3 Nf6 5. f3 Qb6 6. e4 dxe4 7. fxe4 e5 8. Bb5+ Bd7 9. dxe5 Bxb5 10. exf6 Bc5 11. Nxb5 Qxb5 12. fxg7 Qb4+ 13. Bd2 Qxe4+ 14. Qe2 Qxe2+ 15. Nxe2 Rg8 16. Bc3 Be3 17. Ng3 Nd7 18. Nf5 Bf4 19. 0-0 Be5 20. Bxe5 Nxe5 21. Nd6+ Ke7 22. Nxf7 Nxf7 23. Rae1+ Ne5 24. Rxe5+ Kd6 25. Rg5 Ke6 26. h4 h6 27. Rg6+ Ke7 28. Rf8 Raxf8 29. gxf8Q+ Rxf8 30. Rxh6 Rf7 31. Rg6 Kf8 32. h5 Rc7 33. h6 Rh7 34. Rg7 1-0

[Event "Titled Tuesday intern op 16th Jan Late"]
[Site "Chess.com INT"]
[Date "2024.01.16"]
[Round "8"]
[White "Ruiz Aguilar, Pablo Alexander"]
[Black "Ferreira, Vitor Hugo Vieira"]
[Result "0-1"]
[WhiteElo "2162"]
[BlackElo "2128"]
[PlyCount "114"]
[EventDate "2024.01.16"]
[EventType "swiss (blitz)"]
[EventRounds "11"]
[EventCountry "USA"]
[SourceTitle "CB04_2024"]
[SourceDate "2023.10.16"]
[SourceVersion "1"]
[SourceVersionDate "2023.10.16"]
[SourceQuality "1"]

1. e4 c5 2. Nf3 d6 3. d4 cxd4 4. Nxd4 Nf6 5. Nc3 a6 6. Be2 e5 7. Nb3 Be7 8. 0-0 Be6 9. f4 Qc7 10. Kh1 Nbd7 11. f5 Bc4 12. Bg5 h6 13. Bh4 0-0 14. Bxc4 Qxc4 15. Qf3 Rfe8 16. Rad1 b5 17. a3 a5 18. Qd3 Qxd3 19. Rxd3 b4 20. axb4 axb4 21. Bxf6 Nxf6 22. Nd5 Nxd5 23. Rxd5 Rec8 24. Rd2 Ra2 25. Rb1 Rc4 26. Re2 Ra7 27. g3 Rac7 28. Rc1 Bg5 29. Rd1 Rxc2 30. Rxc2 Rxc2 31. Rxd6 Rxb2 32. Nc5 b3 33. Rb6 Rb1+ 34. Kg2 b2 35. Na4 Bc1 36. Nc3 Ra1 37. Rb8+ Kh7 38. h4 Bd2 39. Rxb2 Bxc3 40. Rb5 Bd4 41. Rb7 f6 42. g4 Rg1+ 43. Kf3 Rh1 44. g5 hxg5 45. hxg5 fxg5 46. f6 Rf1+ 47. Kg4 Rxf6 48. Kxg5 Rf4 49. Kh5 Rxe4 50. Kg5 Re1 51. Kf5 e4 52. Kf4 e3 53. Kf3 Rf1+ 54. Ke2 Rf2+ 55. Ke1 Bc3+ 56. Kd1 e2+ 57. Kc2 e1Q+ 0-1

[Event "Titled Tuesday intern op 16th Jan Late"]
[Site "Chess.com INT"]
[Date "2024.01.16"]
[Round "7"]
[White "Schnaider, Ilan"]
[Black "Ferreira, Vitor Hugo Vieira"]
[Result "1-0"]
[WhiteElo "2323"]
[BlackElo "2128"]
[PlyCount "103"]
[EventDate "2024.01.16"]
[EventType "swiss (blitz)"]
[EventRounds "11"]
[EventCountry "USA"]
[SourceTitle "CB04_2024"]
[SourceDate "2023.10.16"]
[SourceVersion "1"]
[SourceVersionDate "2023.10.16"]
[SourceQuality "1"]

1. e4 c5 2. Nf3 d6 3. Bb5+ Nd7 4. a4 a6 5. Bc4 e6 6. Nc3 Ngf6 7. 0-0 b6 8. d4 cxd4 9. Nxd4 Bb7 10. Re1 Qc7 11. Ba2 Nc5 12. Qf3 Be7 13. b4 Ncd7 14. Bxe6 Ne5 15. Qg3 fxe6 16. Nxe6 Qc4 17. Nxg7+ Kf7 18. Nf5 Rag8 19. Nh6+ Ke8 20. Nxg8 Rxg8 21. Qe3 Nfg4 22. Qh3 Qd4 23. Rf1 Bxe4 24. Nxe4 Qxe4 25. Bb2 Nf6 26. Kh1 Rg6 27. Rae1 Qf4 28. Bc1 Qg4 29. Qxg4 Rxg4 30. f4 Ng6 31. Bb2 Kf7 32. g3 h5 33. Kg2 Nh4+ 34. Kf2 Nf5 35. b5 d5 36. bxa6 Bc5+ 37. Kf3 Ne4 38. Rxe4 dxe4+ 39. Kxe4 Rg8 40. Kxf5 Ra8 41. Rd1 Rxa6 42. Rd7+ Ke8 43. Rh7 Rxa4 44. Ke6 Re4+ 45. Be5 Bf8 46. Rxh5 Re2 47. Rh8 b5 48. c3 Re3 49. h4 Re1 50. h5 b4 51. cxb4 Re2 52. h6 1-0

[Event "Titled Tuesday intern op 12th Sep Late"]
[Site "Chess.com INT"]
[Date "2023.09.12"]
[Round "1"]
[White "Alexikov, Alexander"]
[Black "Ferreira, Vitor Hugo Vieira"]
[Result "0-1"]
[WhiteElo "2209"]
[BlackElo "2128"]
[PlyCount "98"]
[EventDate "2023.09.12"]
[EventType "swiss (blitz)"]
[EventRounds "11"]
[EventCountry "USA"]
[SourceTitle "EXT 2024"]
[Source "ChessBase"]
[SourceDate "2023.10.10"]
[SourceVersion "1"]
[SourceVersionDate "2023.10.10"]
[SourceQuality "1"]

1. e4 c5 2. Nf3 d6 3. d4 cxd4 4. Nxd4 Nf6 5. Nc3 a6 6. Bg5 e6 7. f4 Be7 8. Be2 0-0 9. Bf3 Bd7 10. e5 Ne8 11. Bxe7 Qxe7 12. Bxb7 Ra7 13. Bf3 dxe5 14. fxe5 Qc5 15. Nb3 Qxe5+ 16. Qe2 Qxe2+ 17. Kxe2 Nc7 18. Rad1 Nb5 19. Nxb5 axb5 20. a3 Bc6 21. Rd6 Bxf3+ 22. Kxf3 Nd7 23. Re1 Rc8 24. c3 Kf8 25. Nd4 Rb7 26. Ra6 g6 27. g4 h6 28. h4 Rc5 29. Ra5 Ne5+ 30. Kg3 Nc4 31. Ra8+ Kg7 32. Re2 e5 33. Nf3 f5 34. h5 f4+ 35. Kf2 g5 36. b3 Ne3 37. c4 bxc4 38. b4 Rd5 39. Rxe3 fxe3+ 40. Kxe3 Rc7 41. Ke4 Rd8 42. Rxd8 c3 43. Rd1 c2 44. Rc1 Rc4+ 45. Kxe5 Rc3 46. Nxg5 hxg5 47. b5 Rb3 48. Rxc2 Rxb5+ 49. Ke6 Ra5 0-1

[Event "Titled Tuesday intern op 12th Sep Late"]
[Site "Chess.com INT"]
[Date "2023.09.12"]
[Round "3"]
[White "Dwilewicz, Katarzyna"]
[Black "Ferreira, Vitor Hugo Vieira"]
[Result "0-1"]
[WhiteElo "2098"]
[BlackElo "2128"]
[PlyCount "76"]
[EventDate "2023.09.12"]
[EventType "swiss (blitz)"]
[EventRounds "11"]
[EventCountry "USA"]
[SourceTitle "EXT 2024"]
[Source "ChessBase"]
[SourceDate "2023.10.10"]
[SourceVersion "1"]
[SourceVersionDate "2023.10.10"]
[SourceQuality "1"]

1. e4 c5 2. Nf3 d6 3. d4 cxd4 4. Nxd4 Nf6 5. Nc3 a6 6. h3 e5 7. Nde2 Be7 8. Bg5 Be6 9. Bxf6 Bxf6 10. Nd5 Bg5 11. g3 Nd7 12. Nec3 0-0 13. Bg2 Rc8 14. h4 Bh6 15. 0-0 g6 16. Qe2 f5 17. Rad1 f4 18. Kh2 g5 19. Qh5 Kg7 20. hxg5 Qxg5 21. Qxg5+ Bxg5 22. Bh3 Bxh3 23. Kxh3 b5 24. Nb4 a5 25. Rxd6 Nf6 26. Nbd5 b4 27. Nxf6 Bxf6 28. Nd5 Rxc2 29. gxf4 exf4 30. Nxf4 Be5 31. Rg1+ Kh8 32. Ne6 Bxd6 33. Nxf8 Bxf8 34. f4 Rxb2 35. e5 Rxa2 36. f5 Re2 37. e6 Be7 38. Rc1 Kg7 0-1

[Event "Titled Tuesday intern op 12th Sep Late"]
[Site "Chess.com INT"]
[Date "2023.09.12"]
[Round "2"]
[White "Ferreira, Vitor Hugo Vieira"]
[Black "Sarana, Alexey"]
[Result "0-1"]
[WhiteElo "2128"]
[BlackElo "2693"]
[PlyCount "106"]
[EventDate "2023.09.12"]
[EventType "swiss (blitz)"]
[EventRounds "11"]
[EventCountry "USA"]
[SourceTitle "EXT 2024"]
[Source "ChessBase"]
[SourceDate "2023.10.10"]
[SourceVersion "1"]
[SourceVersionDate "2023.10.10"]
[SourceQuality "1"]

1. Nf3 d5 2. g3 g6 3. Bg2 Bg7 4. 0-0 e5 5. d3 Nc6 6. e4 Nge7 7. Re1 0-0 8. Nc3 dxe4 9. dxe4 Bg4 10. h3 Qxd1 11. Rxd1 Bxf3 12. Bxf3 Nd4 13. Bg2 Nxc2 14. Rb1 Nd4 15. Bg5 Nec6 16. Nd5 h6 17. Be3 Rac8 18. b4 Rfe8 19. b5 Na5 20. Bf1 c6 21. bxc6 bxc6 22. Nc3 Red8 23. Kg2 Rc7 24. Rdc1 Rcd7 25. Na4 Bf8 26. Nc5 Rc7 27. Bd2 Bxc5 28. Bxa5 Bb6 29. Rxb6 axb6 30. Bxb6 Rdd7 31. Bxc7 Rxc7 32. a4 Ra7 33. Rc4 f6 34. f4 Kf7 35. fxe5 fxe5 36. Rc5 Ke6 37. Rc4 Kd6 38. h4 Rb7 39. Rc1 Rb2+ 40. Kh3 Ra2 41. Bc4 Rxa4 42. Bf7 Ne2 43. Rd1+ Rd4 44. Re1 Rxe4 45. Rd1+ Rd4 46. Rxd4+ exd4 47. Bxg6 c5 48. Kg2 c4 49. Kf2 Nc3 50. g4 Ke5 51. Bf7 Ne4+ 52. Ke2 c3 53. Bg6 c2 0-1

[Event "Titled Tuesday intern op 12th Sep Late"]
[Site "Chess.com INT"]
[Date "2023.09.12"]
[Round "6"]
[White "Ferreira, Vitor Hugo Vieira"]
[Black "Topalov, Aleksandar"]
[Result "0-1"]
[WhiteElo "2128"]
[BlackElo "2233"]
[PlyCount "82"]
[EventDate "2023.09.12"]
[EventType "swiss (blitz)"]
[EventRounds "11"]
[EventCountry "USA"]
[SourceTitle "EXT 2024"]
[Source "ChessBase"]
[SourceDate "2023.10.10"]
[SourceVersion "1"]
[SourceVersionDate "2023.10.10"]
[SourceQuality "1"]

1. e4 e6 2. d4 d5 3. Nc3 Bb4 4. e5 Qd7 5. Qg4 Bf8 6. Bd3 b6 7. h4 h5 8. Qg3 Ba6 9. Bd2 Bxd3 10. Qxd3 c5 11. dxc5 bxc5 12. Nh3 Nc6 13. f4 Nb4 14. Qb5 Nxc2+ 15. Kf2 Nxa1 16. Rxa1 Qxb5 17. Nxb5 Kd7 18. Ng5 Nh6 19. Nc3 Be7 20. Nf3 Nf5 21. g3 Rab8 22. b3 Rhc8 23. Rc1 c4 24. Ne2 cxb3 25. Rxc8 Kxc8 26. axb3 Rxb3 27. Nfd4 Nxd4 28. Nxd4 Rd3 29. Be3 Rxe3 30. Kxe3 Bc5 31. Kd3 Bxd4 32. Kxd4 g6 33. Kc5 Kc7 34. Kb5 Kb7 35. Kc5 a6 36. Kd6 d4 37. Kd7 d3 38. Ke7 d2 39. Kxf7 d1Q 40. Kf6 Qg4 41. f5 Qxf5+ 0-1

[Event "Titled Tuesday intern op 12th Sep Late"]
[Site "Chess.com INT"]
[Date "2023.09.12"]
[Round "5"]
[White "Micic, Aleksa"]
[Black "Ferreira, Vitor Hugo Vieira"]
[Result "1-0"]
[WhiteElo "2145"]
[BlackElo "2128"]
[PlyCount "129"]
[EventDate "2023.09.12"]
[EventType "swiss (blitz)"]
[EventRounds "11"]
[EventCountry "USA"]
[SourceTitle "EXT 2024"]
[Source "ChessBase"]
[SourceDate "2023.10.10"]
[SourceVersion "1"]
[SourceVersionDate "2023.10.10"]
[SourceQuality "1"]

1. e4 c5 2. Nf3 d6 3. d4 cxd4 4. Qxd4 Nc6 5. Qe3 g6 6. Be2 Bg7 7. h3 Nf6 8. 0-0 0-0 9. Rd1 Qc7 10. c4 b6 11. Nc3 Bb7 12. b3 e6 13. Bb2 Rad8 14. Rac1 Qb8 15. Qf4 Rfe8 16. Qh4 Nd7 17. Rd2 Nde5 18. Nxe5 dxe5 19. Rcd1 Nd4 20. Bf1 a6 21. Na4 b5 22. cxb5 axb5 23. Bxb5 Rf8 24. Bc4 Qa8 25. Nc5 Bc6 26. b4 h6 27. Nb3 g5 28. Qg3 Bxe4 29. Nxd4 exd4 30. Bxd4 Rxd4 31. Rxd4 Bc2 32. R1d2 Bg6 33. Rd7 Qe4 34. Qd3 Qc6 35. Qe2 Bc3 36. R2d6 Qe4 37. Qxe4 Bxe4 38. b5 Rc8 39. Rd8+ Rxd8 40. Rxd8+ Kg7 41. b6 Ba5 42. Rd6 Bb4 43. Rd4 Bb7 44. Bxe6 Bc5 45. Rd7 Ba6 46. Rxf7+ Kg6 47. b7 Ba7 48. Rf8 Bxb7 49. Rf7 Bd5 50. Bxd5 Bd4 51. Rf3 h5 52. Be4+ Kg7 53. Rd3 g4 54. a4 Bc5 55. hxg4 hxg4 56. g3 Kf7 57. Kg2 Kf6 58. Rd5 Ba7 59. a5 Ke6 60. Rb5 Kd6 61. a6 Bd4 62. Rb7 Ke5 63. a7 Bxa7 64. Rxa7 Kxe4 65. Rg7 1-0

[Event "Titled Tuesday intern op 11th Apr Late"]
[Site "Chess.com INT"]
[Date "2023.04.11"]
[Round "4"]
[White "Ferreira, Vitor Hugo Vieira"]
[Black "Ozalp, Burak"]
[Result "0-1"]
[WhiteElo "2128"]
[BlackElo "2206"]
[PlyCount "80"]
[EventDate "2023.04.11"]
[EventType "swiss (blitz)"]
[EventRounds "11"]
[EventCountry "USA"]
[SourceTitle "CBM 213 Extra"]
[Source "ChessBase"]
[SourceDate "2023.05.31"]
[SourceVersion "1"]
[SourceVersionDate "2023.05.31"]
[SourceQuality "1"]

1. Nf3 g6 2. g3 Bg7 3. Bg2 e5 4. 0-0 Nc6 5. c4 Nge7 6. Nc3 0-0 7. Rb1 a5 8. a3 d6 9. b4 axb4 10. axb4 Nf5 11. b5 Ncd4 12. Ne1 Rb8 13. e3 Ne6 14. Nc2 h5 15. Bb2 h4 16. Nd5 c6 17. bxc6 bxc6 18. Ndb4 hxg3 19. hxg3 Bd7 20. Nxc6 Bxc6 21. Bxc6 Nc5 22. d4 exd4 23. exd4 Ne6 24. Bd5 Qg5 25. Qd3 Nf4 26. Qf3 Nh3+ 27. Kg2 Nh4+ 28. Kxh3 Nxf3 29. Bxf3 Qf5+ 30. Kg2 Qxc2 31. Rfc1 Rxb2 32. Rxc2 Rxc2 33. Bd5 Bxd4 34. Rb7 Bc5 35. Kh3 Rxf2 36. Rb3 Kg7 37. Kg4 Rh8 38. Rf3 f5+ 39. Kf4 Rxf3+ 40. Kxf3 Kf6 0-1

[Event "Titled Tuesday intern op 11th Apr Late"]
[Site "Chess.com INT"]
[Date "2023.04.11"]
[Round "1"]
[White "Ferreira, Vitor Hugo Vieira"]
[Black "Paravyan, David"]
[Result "0-1"]
[WhiteElo "2128"]
[BlackElo "2601"]
[PlyCount "56"]
[EventDate "2023.04.11"]
[EventType "swiss (blitz)"]
[EventRounds "11"]
[EventCountry "USA"]
[SourceTitle "CBM 213 Extra"]
[Source "ChessBase"]
[SourceDate "2023.05.31"]
[SourceVersion "1"]
[SourceVersionDate "2023.05.31"]
[SourceQuality "1"]

1. Nf3 Nf6 2. g3 c5 3. Bg2 Nc6 4. d3 d5 5. 0-0 e5 6. c3 h6 7. Qc2 Bd6 8. e4 d4 9. Nbd2 0-0 10. Nc4 Bc7 11. a4 Bg4 12. Nh4 Qd7 13. Nf5 Rad8 14. Nxh6+ gxh6 15. Bxh6 Rfe8 16. Bg5 Nh7 17. Bxd8 Rxd8 18. f3 Be6 19. Rad1 Kh8 20. f4 exf4 21. gxf4 Rg8 22. f5 Bxc4 23. dxc4 Qe7 24. cxd4 Nxd4 25. Qd3 Qh4 26. h3 Rg3 27. Qd2 Ng5 28. e5 Nxh3+ 0-1

[Event "Titled Tuesday intern op 28th Feb Late"]
[Site "Chess.com INT"]
[Date "2023.02.28"]
[Round "1"]
[White "Deac, Bogdan Daniel"]
[Black "Ferreira, Vitor Hugo Vieira"]
[Result "1/2-1/2"]
[WhiteElo "2700"]
[BlackElo "2128"]
[PlyCount "75"]
[EventDate "2023.02.28"]
[EventType "swiss (blitz)"]
[EventRounds "11"]
[EventCountry "USA"]
[SourceTitle "CBM 213 Extra"]
[Source "ChessBase"]
[SourceDate "2023.05.31"]
[SourceVersion "1"]
[SourceVersionDate "2023.05.31"]
[SourceQuality "1"]

1. b3 Nf6 2. Bb2 d5 3. e3 a6 4. c4 e6 5. Nf3 Bd6 6. g3 0-0 7. Bg2 b6 8. cxd5 exd5 9. 0-0 Bb7 10. Nc3 Nbd7 11. Rc1 c5 12. d4 Re8 13. Ne2 Qe7 14. Nf4 Rac8 15. dxc5 bxc5 16. Nd3 c4 17. Nf4 Ba3 18. Qe2 Bxb2 19. Qxb2 Qb4 20. Nd4 Ne5 21. Qa1 Ne4 22. bxc4 dxc4 23. Rb1 Qe7 24. Nf5 Qd7 25. Rxb7 Qxf5 26. Nd5 Nd2 27. Ne7+ Rxe7 28. Rxe7 Nef3+ 29. Bxf3 Nxf3+ 30. Kg2 Nh4+ 31. Kg1 Nf3+ 32. Kg2 Nh4+ 33. gxh4 Qg4+ 34. Kh1 Qf3+ 35. Kg1 Qg4+ 36. Kh1 Qf3+ 37. Kg1 Qg4+ 38. Kh1 1/2-1/2